00423nam a2200157Ia 4500008004100000020001500041082001200056100001600068245004800084250000700132260003700139300003000176500001900206600002700225650001300252240925s9999 xx 000 0 und d a8121900093 a425 WRE aWren ,P. C. 0aHigh School English Grammar and Composition aNA aNew Delhi:bS Chand + coc,2001. axxvi,1588p.bNAfOriginal aIncludes Index aEngineering Technology aLanguage